INTRODUCATION CLOTHING PRODUCTION MANAGEMENT (Record no. 9946)

MARC details
000 -LEADER
fixed length control field 00363nam a22001577a 4500
003 - CONTROL NUMBER IDENTIFIER
control field SGT
020 ## - INTERNATIONAL STANDARD BOOK NUMBER
International Standard Book Number 978-81-265-3031-1
082 ## - DEWEY DECIMAL CLASSIFICATION NUMBER
Classification number 746.9
Item number CHU
100 ## - MAIN ENTRY--PERSONAL NAME
Personal name CHUTER, A.J.
245 ## - TITLE STATEMENT
Title INTRODUCATION CLOTHING PRODUCTION MANAGEMENT
250 ## - EDITION STATEMENT
Edition statement 2ND
260 ## - PUBLICATION, DISTRIBUTION, ETC. (IMPRINT)
Place of publication, distribution, etc INDIA
Name of publisher, distributor, etc WILLEY
Year of Publication 2011
300 ## - PAGE DESCRIPTION
No. of Pages 189
650 ## - SUBJECT ADDED ENTRY--TOPICAL TERM
Topical term or geographic name as entry element PRODUCTION MANAGEMENT
942 ## - ADDED ENTRY ELEMENTS (KOHA)
Source of classification or shelving scheme Dewey Decimal Classification
Koha item type Books
942 ## - ADDED ENTRY ELEMENTS (KOHA)
-- 4
Holdings
Withdrawn status Lost status Source of classification or shelving scheme Damaged status Not for loan Home library Current library Shelving location Date acquired Vendor Name Cost, normal purchase price SGTU Bill Number Total Checkouts Full call number Accession No. (Barcode) Date last seen Bill Date Koha item type Date last borrowed
    Dewey Decimal Classification     SGT Science & Social Sciences Library SGT Science & Social Sciences Library Text Book 28/09/2016 ABC 695.00 SGTU 7131   746.9 CHU FF54 28/09/2016 08/08/2016 Books  
    Dewey Decimal Classification     SGT Science & Social Sciences Library SGT Science & Social Sciences Library Text Book 28/09/2016 ABC 695.00 SGTU 7131   746.9 CHU FF55 28/09/2016 08/08/2016 Books  
    Dewey Decimal Classification     SGT Science & Social Sciences Library SGT Science & Social Sciences Library Text Book 28/09/2016 ABC 695.00 SGTU 7131 2 746.9 CHU FF56 16/09/2024 08/08/2016 Books 11/07/2024
    Dewey Decimal Classification     SGT Science & Social Sciences Library SGT Science & Social Sciences Library Text Book 28/09/2016 ABC 695.00 SGTU 7131 1 746.9 CHU FF57 19/09/2023 08/08/2016 Books 21/07/2023
    Dewey Decimal Classification     SGT Science & Social Sciences Library SGT Science & Social Sciences Library Text Book 28/09/2016 ABC 695.00 SGTU 7131 1 746.9 CHU FF58 23/09/2022 08/08/2016 Books 23/08/2022